| 000 | 00000nam##2200000za#4500 |
| 001 | 9.573382 |
| 003 | CaOODSP |
| 005 | 20240911075931 |
| 007 | cr ||||||||||| |
| 008 | 150406|1996||||xxc|||||o f|0| 0 eng|d |
| 040 | |aCaOODSP|beng |
| 043 | |an-cn--- |
| 086 | 1 |aH113-8/1996-1E-PDF |
| 110 | 1 |aCanada. |bPest Management Regulatory Agency. |
| 245 | 10|aManagement of submissions policy |h[electronic resource] |
| 260 | |aOttawa - Ontario : |bHealth Canada. |cJune 7 1996. |
| 300 | |a13p.|bfig., tables |
| 490 | 1 |aRegulatory proposal |vPro96-01 |
| 590 | |a12-13-Supp|b2012-04-03 |
| 775 | 08|tPolitique sur la gestion des demandes d'homologation |w(CaOODSP)9.603551 |
| 830 | #0|aRegulatory proposal (Canada. Pest Management Regulatory Agency)|vPro96-01|w(CaOODSP)9.504463 |
| 856 | 40|ahttp://publications.gc.ca|qPDF|s79 KB|uhttps://publications.gc.ca/collections/collection_2012/sc-hc/H113-8-1996-1-eng.pdf|yPro96-01 |